Roots of futility /

Bibliographic Details
Main Author: Polansky, Norman A., 1918-
Other Authors: Borgman, Robert D., De Saix, Christine
Format: Book
Language:English
Published: San Francisco : Jossey-Bass, 1972.
Edition:1st ed.
Series:Jossey-Bass behavioral science series.
Subjects:

MARC

Tag First Indicator Second Indicator Subfields
LEADER 00000cam a2200000 a 4500
001 in00000658421
005 20151214141008.0
008 730131s1972 cau b 00110 engm
010 |a  72005894  
020 |a 0875891500 :  |c $9.50 
035 |a (OCoLC)00573331 
035 |9 ACX2787AM 
040 |a DLC  |c DLC  |d m.c.  |d TXA  |d UtOrBLW 
043 |a n-usa-- 
049 |a TXAM  |c [1271451] 
050 0 0 |a HV741  |b .P58 
082 0 |a 362.7/1 
100 1 |a Polansky, Norman A.,  |d 1918- 
245 1 0 |a Roots of futility /  |c Norman A. Polansky, Robert D. Borgman, Christine De Saix. 
250 |a 1st ed. 
264 1 |a San Francisco :  |b Jossey-Bass,  |c 1972. 
300 |a xvi, 272 pages ;  |c 24 cm. 
336 |a text  |b txt  |2 rdacontent 
337 |a unmediated  |b n  |2 rdamedia 
338 |a volume  |b nc  |2 rdacarrier 
490 1 |a The Jossey-Bass behavioral science series 
500 |a Includes index. 
504 |a Bibliography: pages 257-266. 
650 0 |a Child abuse  |z Appalachian Region. 
650 0 |a People with social disabilities  |z Appalachian Region. 
650 0 |a Mother and child. 
650 0 |a Poverty  |x Psychological aspects. 
700 1 |a Borgman, Robert D. 
700 1 |a De Saix, Christine. 
830 0 |a Jossey-Bass behavioral science series. 
999 |a MARS 
999 f f |s 175910c0-ca9b-3afa-9abc-a777648273ee  |i e0297e22-d4a6-3db8-8251-d1f976ab2e5e  |t 0 
952 f f |p ric  |a Texas A&M University  |b Rellis Campus  |c Joint Library Facility  |d Remote Storage  |t 0  |e HV741 .P58  |h Library of Congress classification  |i unmediated -- volume  |m A14803017257 
998 f f |a HV741 .P58  |t 0  |l Remote Storage